| 000 | 00000nam##2200000za#4500 |
| 001 | 9.641990 |
| 003 | CaOODSP |
| 005 | 20210624223459 |
| 007 | cr ||||||||||| |
| 008 | 150407|2005||||xxc|||||o f|0| 0 fre|d |
| 040 | |aCaOODSP|bfre |
| 043 | |an-cn--- |
| 086 | 1 |aEn4-204/2005F-PDF |
| 110 | 1 |aCanada. |bEnvironnement Canada. |
| 245 | 10|aVérification des comptes fournisseurs – RCN / |h[ressource électronique]|c[par] Direction générale de la vérification et de l'évaluation. |
| 260 | |aGatineau - Québec : |bEnvironnement Canada |cAvril 2005. |
| 300 | |a19p. |
| 590 | |a13-14-Supp|b2013-05-30 |
| 775 | 08|tAudit of accounts payable – NCR / |w(CaOODSP)9.697993 |
| 856 | 40|ahttp://publications.gc.ca|qPDF|s92 Ko|uhttps://publications.gc.ca/collections/collection_2013/ec/En4-204-2005-fra.pdf |